01236nam a2200325Ia 4500001001200000003000800012006001900020007001500039008004100054010001700095020001500112020001500127020001800142020001800160040002100178035002100199050002600220100002700246245012100273260005100394300001600445504006700461533015200528650001600680650002500696655002900721710001700750856012600767999001700893ebr10567061CaPaEBRm u cr cn|||||||||010901s2002 enk sb 001 0 eng d z 2001135921 z0761954724 z0761954732 z9780761954736 z9781446264430 aCaPaEBRcCaPaEBR a(OCoLC)79783576914aBF637.C6bN458 2002eb1 aNelson-Jones, Richard.10aEssential counselling and therapy skillsh[electronic resource] :bthe skilled client model /cRichard Nelson-Jones. aLondon ;aThousand Oaks, Calif :bSAGE,c2002. axiv, 382 p. aIncludes bibliographical references (p.[363]-373) and indexes. aElectronic reproduction.bPalo Alto, Calif. :cebrary,d2011.nAvailable via World Wide Web.nAccess may be limited to ebrary affiliated libraries. 0aCounseling. 0aPsychology, Applied. 7aElectronic books.2local2 aebrary, Inc.40uhttp://site.ebrary.com/lib/rucke/Doc?id=10567061zAn electronic book accessible through the World Wide Web; click to view c93183d93183